Normal view MARC view

Entry Personal Name

Number of records used in: 1

001 - CONTROL NUMBER

  • control field: 128049

003 - CONTROL NUMBER IDENTIFIER

  • control field: OSt

005 - DATE AND TIME OF LATEST TRANSACTION

  • control field: 20230721120026.0

008 - FIXED-LENGTH DATA ELEMENTS

  • fixed length control field: 230721|| aca||aabn | a|a d

040 ## - CATALOGING SOURCE

  • Original cataloging agency: OSt
  • Transcribing agency: OSt

100 ## - HEADING--PERSONAL NAME

  • Personal name: Ayatullah Morteza Mutahhari

670 ## - SOURCE DATA FOUND

  • Source citation: Work cat.: (OSt)227947: Ayatullah Morteza Mutahhari, Jihad : The Holy War in Islam and its Legitimacy in the Quran, 1998